| 000 | 00417nam a22001457a 4500 | ||
|---|---|---|---|
| 020 | _a007990301 | ||
| 082 |
_a519.5 _bSEI _cL-25, P-31 |
||
| 100 |
_aR.Spiegel, Murry, _942865 |
||
| 245 |
_aTheory and problems of statistics / _cMurry R, Spiegel, |
||
| 260 |
_aSingapore, _bSchaum's Outline Series, _c1975. |
||
| 300 | _a372 p. : | ||
| 526 |
_a0 _b0 _c0 _d519_500000000000000_SEI |
||
| 650 |
_aMCE _9379 |
||
| 942 |
_2ddc _cBK |
||
| 999 |
_c546682 _d546682 |
||